00668nam a2200229 a 45000010005000000030008000050050017000130080041000300200015000710350018000860400023001040410008001270820023001351000050001582450068002082500012002762600037002883000027003255040051003526500019004036500016004221920BD-RjUL20211208233436.0150420s1973 nyu b 001 0 eng  a0060450568 a(BD-RjUL)1947 aDLCcDLCdDLCbeng aeng00a616.8914bPAT 19731 aPatterson, C. H.q(Cecil Holden),d1912-2006.10aTheories of counseling and psychotherapy /cby C. H. Patterson. a2nd ed. aNew York :bHarper & Row,cc1973 axxii, 554 p. ;c25 cm. aIncludes bibliographical references and index. 0aPsychotherapy. 0aCounseling.